| 000 -LEADER |
| fixed length control field |
00622cam a22002054a 4500 |
| 020 ## - INTERNATIONAL STANDARD BOOK NUMBER |
| ISBN |
0072528400 (hard copy : alk. paper) |
| 040 ## - CATALOGING SOURCE |
| Transcribing agency |
DLC |
| 082 00 - DEWEY DECIMAL CLASSIFICATION NUMBER |
| Classification number |
580 MIL 2006 A109 Or. |
| 100 1# - MAIN ENTRY--AUTHOR NAME |
| Personal name |
Stern, Kingsley R. |
| 245 10 - TITLE STATEMENT |
| Title |
Introductory plant biology / |
| 250 ## - EDITION STATEMENT |
| Edition statement |
10th ed. |
| 260 ## - PUBLICATION, DISTRIBUTION, ETC. (IMPRINT) |
| Place of publication |
Boston : |
| Name of publisher |
McGraw-Hill Higher Education, |
| Year of publication |
c2006. |
| 300 ## - PHYSICAL DESCRIPTION |
| Number of Pages |
xvi, 624 p. : |
| Other physical details |
ill. (chiefly col.), maps (some col.) ; |
| Dimensions |
29 cm. |
| 650 #0 - SUBJECT ADDED ENTRY--TOPICAL TERM |
| Topical Term |
Botany. |
| 700 1# - ADDED ENTRY--PERSONAL NAME |
| Personal name |
Bidlack, James E. |
| 700 1# - ADDED ENTRY--PERSONAL NAME |
| Personal name |
Jansky, Shelley. |
| 700 1# - ADDED ENTRY--PERSONAL NAME |
| Personal name |
Uno, Gordon. |
| 856 41 - ELECTRONIC LOCATION AND ACCESS |
| Uniform Resource Identifier |
http://www.loc.gov/catdir/toc/ecip057/2005001785.html |
| 942 ## - ADDED ENTRY ELEMENTS (KOHA) |
| Koha item type |
សៀវភៅភាសាអង់គ្លេស |
| 952 ## - LOCATION AND ITEM INFORMATION (KOHA) |
| Withdrawn status [LOCAL, KOHA] |
0 |